| 000 | 00960cab a2200301 4500 | ||
|---|---|---|---|
| 001 | X1211 | ||
| 008 | 090401t1993 xxu||||| |||| 00| 0 eng d | ||
| 035 | _a(Sirsi) u15511 | ||
| 041 | _aeng | ||
| 245 | _aReviw of the consultation document with particular reference to the rating applications | ||
| 260 | _c1993 | ||
| 350 | _a0 | ||
| 490 |
_aThe Impugner (RICS Rating Diploma Holders` Section) _vNovember 1993 (5) |
||
| 650 | _aRICS CODE OF MEASURING PRACTICE | ||
| 650 | _aPROPERTY-COMMERCIAL PROPERTY | ||
| 650 | _aGROSS EXTERNAL AREA | ||
| 650 | _aGROSS INTERNAL AREA | ||
| 650 |
_aMeasurement _96256 |
||
| 650 | _aNET INTERNAL AREA | ||
| 650 | _aBUILT ENVIRONMENT-BUILDING ELEMENTS-COMPLETE BUILDING ELEMENTS-WALLS-INTERNAL WALLS AND PARTITIONS | ||
| 650 | _aPLANT | ||
| 650 | _aRATING | ||
| 690 | _aMAPPING AND MEASUREMENT | ||
| 690 | _aPROFESSIONAL PRACTICE | ||
| 690 | _aRATING AND VALUATION | ||
| 942 | _n0 | ||
| 948 | _c04/03/1997 | ||
| 999 |
_c10181 _d10181 |
||